Property rich list 2004 (Record no. 118118)

MARC details
000 -LEADER
fixed length control field 00792cam a2200205 4500
001 - CONTROL NUMBER
control field WB@3612-123
008 - FIXED-LENGTH DATA ELEMENTS--GENERAL INFORMATION
fixed length control field 041004n2004 000 0 eng u
035 ## - SYSTEM CONTROL NUMBER
System control number (Sirsi) u127620
245 ## - TITLE STATEMENT
Title Property rich list 2004
260 ## - PUBLICATION, DISTRIBUTION, ETC.
Date of publication, distribution, etc. 2004
490 ## - SERIES STATEMENT
Series statement Estates Gazette
Volume/sequential designation (440) 2 October 2004, 43 (1)
520 ## - SUMMARY, ETC.
Summary, etc. Property remains the UK economy's wealthiest sector according to the "Estates Gazette's: rich list 2004" supplement. The list has 333 entries, whose combined real estate fortunes total more than £47bn. The entry point is now £10m. The giant of the sector remains the Duke of Westminster at £5.2bn.
590 ## - LOCAL NOTE (RLIN)
Local note WB
590 ## - LOCAL NOTE (RLIN)
Local note WB
650 ## - SUBJECT ADDED ENTRY--TOPICAL TERM
Topical term or geographic name entry element REAL ESTATE
650 ## - SUBJECT ADDED ENTRY--TOPICAL TERM
Topical term or geographic name entry element PROPERTY INVESTORS
650 ## - SUBJECT ADDED ENTRY--TOPICAL TERM
Topical term or geographic name entry element RANKINGS
690 ## - LOCAL SUBJECT ADDED ENTRY--TOPICAL TERM (OCLC, RLIN)
Topical term or geographic name as entry element COMMERCIAL PROPERTY
9 (RLIN) 6227
942 ## - ADDED ENTRY ELEMENTS (KOHA)
Suppress in OPAC 0
Holdings
Withdrawn status Lost status Source of classification or shelving scheme Damaged status Not for loan Home library Current library Shelving location Date acquired Total Checkouts Full call number Barcode Date last seen Copy number Price effective from Koha item type
    Dewey Decimal Classification     London London News article 04/10/2004   WB4038-04 127620-1001 06/08/2019 1 06/08/2019 News article